000 00323nam a22001457a 4500
008 210604b ||||| |||| 00| 0 eng d
020 _a9781681356778
041 _aeng
080 _23rd
_a541
082 _a541
100 _a12
101 _aKIM
245 _aChem 116 Laboratory Manual
_cJon K. Earl
942 _2udc
_cBK
999 _c57966
_d57966